书目信息 |
| 题名: |
黄渤海鱼类吸虫研究
|
|
| 作者: | 申纪伟 , 邱兆祉 著 | |
| 分册: | ||
| 出版信息: | 北京 科学出版社 1995.12 |
|
| 页数: | 207页 | |
| 开本: | 26cm | |
| 丛书名: | ||
| 单 册: | ||
| 中图分类: | S941.52 | |
| 科图分类: | ||
| 主题词: | 渔业--资源 | |
| 电子资源: | ||
| ISBN: | 7-03-004542-4 | |
| 000 | 00592nam0 2200205 45 | |
| 001 | 0301160973 | |
| 005 | 20031219104103.5 | |
| 010 | @a7-03-004542-4@dCNY38.00 | |
| 100 | @a20030116d1995 km y0chiy0120 ea | |
| 101 | 0 | @achi |
| 105 | @a z 000yy | |
| 200 | 1 | @a黄渤海鱼类吸虫研究@AHuang Bo Hai Yu Lei Xi Chong Yan Jiu@f申纪伟,邱兆祉著@FShen Ji Wei,Qiu Zhao Zhi Zhu |
| 210 | @a北京@c科学出版社@d1995.12 | |
| 215 | @a207页@d26cm | |
| 606 | 0 | @a渔业@x资源 |
| 690 | @aS941.52@v4 | |
| 701 | 0 | @a申纪伟@4著 |
| 701 | 0 | @a邱兆祉@4著 |
| 801 | @aCN@bTSTC@c20030116 | |
| 905 | @b319395@dS941.52@e7@f1 | |
| 黄渤海鱼类吸虫研究/申纪伟,邱兆祉著.-北京:科学出版社,1995.12 |
| 207页;26cm |
| ISBN 7-03-004542-4:CNY38.00 |
| ● |
| 相关链接 |
|
|
|
|
正题名:黄渤海鱼类吸虫研究
索取号:S941.52/7
 
预约/预借
| 序号 | 登录号 | 条形码 | 馆藏地/架位号 | 状态 | 备注 |
| 1 | 0319395 | 203193953 | 第二样本阅览室/ [索取号:S941.52/7] | 在馆 |